000 00363pam a2200133 a 4500
020 _c
041 _h
082 _a4.6
100 _aWRIGHT (G.R.) / STEVENS (W.R.)
_eauthor
245 _aTCP/IP : Illustrated VOL-2,The Implementation
_hTextual Document
260 _bShiva Institute of Management Studies Ghaziabad
_c2000
300 _aXXII,1174
930 _a9992
999 _c840750
_d840750